| 000 | 00744nam a2200217Ii 4500 | ||
|---|---|---|---|
| 003 | JO-AjNU | ||
| 008 | 230605s9999||||xx |||||||||||||| ||und|| | ||
| 017 | _a2011/7/2954 | ||
| 040 |
_aJO-AjNU _bara _erda _cJO-AjNU |
||
| 041 | _aara | ||
| 050 | 1 | 4 | _aHF5548.2.K583.2012 |
| 100 | 3 |
_aتأليف كتانة، خيري مصطفى, _eauthor _940864 |
|
| 245 | 0 | 0 | _aالاساليب الحديثة في أتمتة المكاتب=Office Outomation |
| 250 | _aط1 | ||
| 264 | 3 | 1 | _aعمان:المؤلف؛2012 |
| 300 |
_a335ص _bيحتوي على ببلوغرافية من ص319-335ص |
||
| 336 |
_atext _btxt _2rdacontent |
||
| 337 |
_aunmediated _bn _2rdamedia |
||
| 338 |
_avolume _bnc _2rdacarrier |
||
| 650 | 4 |
_aاتمتة المكاتب _940865 |
|
| 999 |
_aA17376 _c20944 _d20944 |
||